[Event "British Columbia op"]
[Site "Richmond CAN"]
[Date "2019.02.16"]
[Round "1.8"]
[White "Li, Kevin"]
[Black "Mohammed Qanee, Arpak Worya"]
[Result "0-1"]
[WhiteElo "1917"]
[BlackElo "2231"]
[PlyCount "94"]
[EventDate "2019.02.16"]
[EventType "swiss"]
[EventRounds "6"]
[EventCountry "CAN"]

1. e4 e5 2. Nf3 Nc6 3. Bc4 Be7 4. c3 Nf6 5. d3 O-O 6. O-O d6 7. Nbd2 Na5 8. Bb5
a6 9. Ba4 b5 10. Bc2 c5 11. Re1 Qc7 12. Nf1 Re8 13. Bg5 h6 14. Bxf6 Bxf6 15.
Ne3 Be6 16. Qd2 Nc6 17. g4 Qd7 18. Nf5 h5 19. g5 Bxf5 20. exf5 Qxf5 21. gxf6
Qxf3 22. Bd1 Qxf6 23. Bxh5 Ne7 24. Kh1 g6 25. Bg4 Kg7 26. Qe3 Nd5 27. Qg3 Nf4
28. Rad1 d5 29. Bf3 Rad8 30. Bg2 Rh8 31. Re3 Rh5 32. Bf3 Rg5 33. Bg4 Rh8 34.
Rde1 c4 35. dxc4 bxc4 36. Qf3 e4 37. Qg3 Nd3 38. R1e2 Rxg4 39. Qxg4 Nxf2+ 40.
Rxf2 Qxf2 41. Qg3 Qxg3 42. Rxg3 Rb8 43. Rg2 f5 44. Rd2 Rd8 45. Kg2 Kf6 46. Kg3
g5 47. h3 Ke5 0-1

[Event "British Columbia op"]
[Site "Richmond CAN"]
[Date "2019.02.16"]
[Round "1.9"]
[White "Hemstapat, Andrew"]
[Black "Rathburn, Hector"]
[Result "1-0"]
[WhiteElo "2208"]
[BlackElo "1915"]
[PlyCount "45"]
[EventDate "2019.02.16"]
[EventType "swiss"]
[EventRounds "6"]
[EventCountry "CAN"]

1. e4 d6 2. d4 g6 3. c3 Bg7 4. Be3 c6 5. Nd2 Nf6 6. h3 O-O 7. Ngf3 Qc7 8. Bd3
Nbd7 9. O-O e5 10. a4 a5 11. Re1 Rd8 12. Qb3 d5 13. dxe5 Nxe4 14. Bxe4 dxe4 15.
Nxe4 Bxe5 16. Nxe5 Qxe5 17. Bg5 Nc5 18. Qb6 Nxe4 19. Qxd8+ Kg7 20. Be7 Bxh3 21.
Bf8+ Kg8 22. Qxa8 Qf5 23. Bh6+ 1-0

[Event "British Columbia op"]
[Site "Richmond CAN"]
[Date "2019.02.16"]
[Round "1.10"]
[White "Gu, Chuyang"]
[Black "Cheng, Louis"]
[Result "0-1"]
[WhiteElo "1883"]
[BlackElo "2064"]
[PlyCount "74"]
[EventDate "2019.02.16"]
[EventType "swiss"]
[EventRounds "6"]
[EventCountry "CAN"]

1. e4 c5 2. Nf3 d6 3. d4 cxd4 4. Nxd4 Nf6 5. Nc3 a6 6. Bg5 e6 7. f4 Nbd7 8. Qf3
Qc7 9. O-O-O b5 10. g4 Bb7 11. Bxf6 gxf6 12. f5 b4 13. fxe6 Ne5 14. Qxf6 bxc3
15. Qxh8 cxb2+ 16. Kb1 Bxe4 17. exf7+ Qxf7 18. Bd3 Bxd3 19. Rxd3 Ng6 20. Re1+
Kd7 21. Nf3 Nxh8 22. Ne5+ Kc7 23. Nxf7 Nxf7 24. Rc3+ Kd7 25. Rb3 Ne5 26. Rb7+
Kc6 27. Rxh7 Nc4 28. Rh3 Bg7 29. Rd3 Rh8 30. Red1 Rxh2 31. a3 Rg2 32. a4 Rxg4
33. Ka2 Be5 34. c3 Rg2 35. Kb3 d5 36. Ka2 Rc2 37. Kb3 Rc1 0-1

[Event "British Columbia op"]
[Site "Richmond CAN"]
[Date "2019.02.16"]
[Round "2.1"]
[White "Cheng, Louis"]
[Black "Morozov, Grigory"]
[Result "0-1"]
[WhiteElo "2064"]
[BlackElo "2377"]
[PlyCount "60"]
[EventDate "2019.02.16"]
[EventType "swiss"]
[EventRounds "6"]
[EventCountry "CAN"]

1. e4 e6 2. d4 d5 3. Nc3 Bb4 4. e5 Qd7 5. Nge2 b6 6. a3 Bf8 7. g3 Ba6 8. Bg2 c5
9. Be3 Nc6 10. O-O cxd4 11. Nxd4 Bxf1 12. Bxf1 a6 13. Na4 Bc5 14. b4 Nxd4 15.
bxc5 Qxa4 16. Qg4 Ne7 17. cxb6 Nef5 18. c4 h5 19. Qd1 Qxd1 20. Rxd1 Nf3+ 21.
Kg2 Nxe3+ 22. fxe3 Nxe5 23. cxd5 Ke7 24. d6+ Kd7 25. a4 Nc6 26. Be2 Rhb8 27.
Bxh5 Rxb6 28. Bxf7 Rb2+ 29. Kg1 Ne5 30. Rf1 Kxd6 0-1

[Event "British Columbia op"]
[Site "Richmond CAN"]
[Date "2019.02.16"]
[Round "2.2"]
[White "Sohal, Tanraj"]
[Black "Hemstapat, Andrew"]
[Result "1/2-1/2"]
[WhiteElo "2370"]
[BlackElo "2208"]
[PlyCount "99"]
[EventDate "2019.02.16"]
[EventType "swiss"]
[EventRounds "6"]
[EventCountry "CAN"]

1. e4 e6 2. d4 d5 3. Nd2 c5 4. exd5 Qxd5 5. Ngf3 cxd4 6. Bc4 Qd6 7. Qe2 Nf6 8.
Nb3 Nc6 9. Bg5 a6 10. O-O-O b5 11. Bd3 Be7 12. Kb1 Bb7 13. Nfxd4 Nxd4 14. Nxd4
Qc5 15. Nf3 Rc8 16. h4 Nd5 17. Be4 Qc4 18. Bd3 Qb4 19. Bd2 Qa4 20. Ne5 Nb4 21.
Bxb4 Qxb4 22. a3 Qc5 23. f4 Bf6 24. Rh3 Rd8 25. Ng4 Be7 26. Re3 g6 27. g3 h5
28. Ne5 Kf8 29. Re1 Bf6 30. Bxg6 fxg6 31. Nxg6+ Kf7 32. Nxh8+ Rxh8 33. Rxe6 Bc8
34. g4 hxg4 35. Qxg4 Qd4 36. c3 Qd3+ 37. Ka1 Qg6 38. Re7+ Bxe7 39. Rxe7+ Kf6
40. Qe2 Qg1+ 41. Ka2 Qc5 42. Re4 Qd5+ 43. c4 bxc4 44. Re5 Qf7 45. Qf2 Qb7 46.
Qd4 Qb3+ 47. Ka1 Qd3 48. Qb6+ Kf7 49. Qc7+ Bd7 50. Qc5 1/2-1/2

[Event "British Columbia op"]
[Site "Richmond CAN"]
[Date "2019.02.16"]
[Round "2.3"]
[White "Ferguson, Peter"]
[Black "Kaufman, Raymond"]
[Result "0-1"]
[WhiteElo "2022"]
[BlackElo "2356"]
[PlyCount "114"]
[EventDate "2019.02.16"]
[EventType "swiss"]
[EventRounds "6"]
[EventCountry "CAN"]

1. e4 c5 2. Nf3 e6 3. d4 cxd4 4. Nxd4 Nc6 5. Be3 Nf6 6. Bd3 d5 7. exd5 Nxd5 8.
Nxc6 bxc6 9. Bd4 Bd6 10. Bxg7 Rg8 11. Bc3 Rxg2 12. Qf3 Qg5 13. Bd2 Rg1+ 14.
Rxg1 Qxg1+ 15. Ke2 Bd7 16. h3 Rb8 17. b3 Nb4 18. Bf4 e5 19. Qg3 Qxg3 20. Bxg3
Bxh3 21. Bxh7 f5 22. Na3 f4 23. Nc4 Be7 24. Bg6+ Kf8 25. Rh1 Be6 26. Bh4 Bxc4+
27. bxc4 Nxa2 28. Bxe7+ Kxe7 29. Rh7+ Kf6 30. Rxa7 Nc3+ 31. Kd3 Nd1 32. Ke2
Nxf2 33. Bh7 Nh1 34. Rc7 Ng3+ 35. Kf3 Rb1 36. Rxc6+ Kg5 37. Rg6+ Kh5 38. c5 Rb5
39. c6 Rc5 40. Re6 Kg5 41. Rg6+ Kh5 42. Re6 Nf1 43. c7 Nd2+ 44. Ke2 Nc4 45. Bd3
Rxc7 46. Bxc4 Rxc4 47. Rxe5+ Kg4 48. Kd3 f3 49. Re8 Rf4 50. Ke3 f2 51. Rg8+ Kh5
52. Rh8+ Kg6 53. Kxf4 f1=Q+ 54. Kg3 Qe1+ 55. Kg2 Qd2+ 56. Kf1 Qc1+ 57. Ke2
Qxc2+ 0-1

[Event "British Columbia op"]
[Site "Richmond CAN"]
[Date "2019.02.16"]
[Round "2.4"]
[White "Taylor, Tristan"]
[Black "Nyamdorj, Davaa-Ochir"]
[Result "0-1"]
[WhiteElo "1920"]
[BlackElo "2282"]
[PlyCount "60"]
[EventDate "2019.02.16"]
[EventType "swiss"]
[EventRounds "6"]
[EventCountry "CAN"]

1. Nf3 b6 2. d4 Bb7 3. e3 Nf6 4. Bd3 g6 5. Nbd2 Bg7 6. O-O O-O 7. c4 d6 8. Qc2
Nbd7 9. b3 e5 10. Bb2 Qe7 11. d5 Nc5 12. Be2 Bc8 13. b4 Bf5 14. Qd1 Nb7 15. Re1
Bd7 16. Nf1 Ne4 17. N3d2 Nxd2 18. Qxd2 f5 19. Bd3 Qg5 20. f4 Qe7 21. Ng3 Rfe8
22. Rab1 a5 23. a3 axb4 24. axb4 Ra2 25. Ra1 Rxb2 26. Qxb2 exf4 27. exf4 Qxe1+
28. Rxe1 Rxe1+ 29. Kf2 Bxb2 30. Kxe1 Bc3+ 0-1

[Event "British Columbia op"]
[Site "Richmond CAN"]
[Date "2019.02.16"]
[Round "2.5"]
[White "Kenney, Jason"]
[Black "Roback, Joe"]
[Result "1-0"]
[WhiteElo "2253"]
[BlackElo "2027"]
[PlyCount "117"]
[EventDate "2019.02.16"]
[EventType "swiss"]
[EventRounds "6"]
[EventCountry "CAN"]

1. d4 d5 2. c4 c6 3. Nf3 Nf6 4. e3 e6 5. Nbd2 Bd6 6. Bd3 Nbd7 7. O-O O-O 8. e4
dxe4 9. Nxe4 Nxe4 10. Bxe4 Nf6 11. Bc2 h6 12. Qe2 b6 13. Ne5 Bb7 14. Bd2 Qc7
15. Rfe1 Rfd8 16. Bc3 c5 17. dxc5 Bxc5 18. Ng4 Qf4 19. Nxf6+ gxf6 20. g3 Qf3
21. Qxf3 Bxf3 22. Bd1 Bxd1 23. Rexd1 Be7 24. Kf1 Kh7 25. Ke2 Kg6 26. Rd4 Rxd4
27. Bxd4 e5 28. Be3 Rc8 29. b3 Rd8 30. a4 Bb4 31. g4 f5 32. gxf5+ Kxf5 33. Rb1
Rh8 34. Rd1 Ke6 35. Rd5 f5 36. Rb5 Bd6 37. a5 f4 38. Bd2 Bc5 39. axb6 axb6 40.
Bc3 Ra8 41. b4 Ra2+ 42. Kd3 Bxf2 43. Rxe5+ Kd7 44. Re2 Rxe2 45. Kxe2 Bg1 46. h3
Ke6 47. Kf3 Kf5 48. Bd2 Bh2 49. Bc1 h5 50. Bb2 Bg1 51. Bc1 Bh2 52. Bd2 Ke5 53.
Bc3+ Kd6 54. Bd4 Kc6 55. b5+ Kb7 56. c5 bxc5 57. Bxc5 Kc7 58. Bf2 Kd6 59. Kg2
1-0

[Event "British Columbia op"]
[Site "Richmond CAN"]
[Date "2019.02.16"]
[Round "2.6"]
[White "Mohammed Qanee, Arpak Worya"]
[Black "Lehingrat, Callum"]
[Result "1-0"]
[WhiteElo "2231"]
[BlackElo "2016"]
[PlyCount "179"]
[EventDate "2019.02.16"]
[EventType "swiss"]
[EventRounds "6"]
[EventCountry "CAN"]

1. Nf3 Nf6 2. c4 e6 3. g3 b6 4. Bg2 Bb7 5. O-O Be7 6. d4 O-O 7. d5 exd5 8. Nh4
Ne4 9. cxd5 Bxh4 10. Bxe4 Bf6 11. Qc2 g6 12. Nc3 d6 13. Bf4 Nd7 14. Rac1 Nc5
15. Bf3 a5 16. b3 Re8 17. a3 Re7 18. b4 axb4 19. axb4 Na6 20. Ne4 Re8 21. Qc4
Bg7 22. Be3 f5 23. Nc3 Rc8 24. Nb5 Qe7 25. Na7 Ra8 26. Nc6 Qf7 27. Nd4 Bxd4 28.
Bxd4 Re7 29. Ra1 c5 30. bxc5 bxc5 31. Bc3 Nc7 32. Rxa8+ Bxa8 33. Rd1 Bb7 34.
Ba1 Ne8 35. Qc3 Ng7 36. Rb1 Rc7 37. Rb6 Rd7 38. h4 Rd8 39. e3 Bc8 40. Rb8 Qc7
41. Ra8 Qb7 42. Ra3 Rd7 43. Rb3 Qa7 44. h5 gxh5 45. Ra3 Qc7 46. Bxh5 Bb7 47.
Bf3 Qd8 48. Ra4 Qg5 49. Kf1 Qg6 50. Rf4 Rd8 51. g4 Rf8 52. gxf5 Rxf5 53. Rxf5
Nxf5 54. Qh8+ Kf7 55. Qb8 Ba6+ 56. Be2 Bxe2+ 57. Kxe2 Qg4+ 58. Kd2 Qf3 59. Qa7+
Kg6 60. Ke1 Qxd5 61. Bh8 h5 62. Qb8 Qf7 63. e4 Nd4 64. Qxd6+ Kh7 65. Bxd4 cxd4
66. e5 Qf4 67. Qd7+ Kg6 68. e6 Qe4+ 69. Kd2 Qf3 70. Qxd4 Qf6 71. Qe4+ Kg7 72.
f4 Qb2+ 73. Ke3 Qc3+ 74. Kf2 Qc5+ 75. Kg3 Qg1+ 76. Kf3 Qf1+ 77. Ke3 Qe1+ 78.
Kd4 Qb4+ 79. Ke5 Qc5+ 80. Qd5 Qe3+ 81. Kd6 Qxf4+ 82. Kd7 Qa4+ 83. Kd8 Qh4+ 84.
e7 Qf6 85. Kd7 Qf2 86. Qg5+ Kh7 87. Qxh5+ Kg7 88. e8=N+ Kf8 89. Qh8+ Kf7 90.
Qg7# 1-0

[Event "British Columbia op"]
[Site "Richmond CAN"]
[Date "2019.02.16"]
[Round "2.7"]
[White "Sali, Zulfikar"]
[Black "Leong, Ryan"]
[Result "1-0"]
[WhiteElo "2308"]
[BlackElo "1843"]
[PlyCount "55"]
[EventDate "2019.02.16"]
[EventType "swiss"]
[EventRounds "6"]
[EventCountry "CAN"]

1. e4 c5 2. Nf3 e6 3. g3 Nc6 4. Bg2 Nf6 5. Qe2 e5 6. O-O Be7 7. d3 O-O 8. Nc3
d6 9. h3 h6 10. Nh2 Nd4 11. Qd1 b5 12. f4 Qb6 13. Kh1 b4 14. Nb1 a5 15. Nd2 Ba6
16. b3 Ne8 17. Ndf3 exf4 18. gxf4 Bb7 19. Nxd4 cxd4 20. Qe2 Nc7 21. f5 Rfe8 22.
Qg4 Kh8 23. Qh5 Bf8 24. Ng4 Kg8 25. Rg1 Qc5 26. Nxh6+ gxh6 27. Bf3+ Kh8 28.
Bxh6 1-0

[Event "British Columbia op"]
[Site "Richmond CAN"]
[Date "2019.02.16"]
[Round "2.8"]
[White "Tang, Edward"]
[Black "Gibbard, Alina Iuliana"]
[Result "1-0"]
[WhiteElo "2013"]
[BlackElo "2054"]
[PlyCount "73"]
[EventDate "2019.02.16"]
[EventType "swiss"]
[EventRounds "6"]
[EventCountry "CAN"]

1. d4 g6 2. c4 Bg7 3. e4 c5 4. d5 b5 5. cxb5 a6 6. Nc3 axb5 7. Bxb5 Ba6 8. Bxa6
Rxa6 9. Nge2 Qb6 10. O-O d6 11. f4 Nd7 12. Ng3 Ngf6 13. e5 dxe5 14. fxe5 c4+
15. Kh1 Nxe5 16. Qe2 Nd3 17. d6 Qxd6 18. Nb5 Qd7 19. Na3 Qd5 20. Qc2 Rc6 21.
Be3 O-O 22. Rad1 Rd8 23. Bg1 Ng4 24. Qe2 Ndf2+ 25. Bxf2 Qxd1 26. Rxd1 Rxd1+ 27.
Bg1 Rxg1+ 28. Kxg1 Bd4+ 29. Kf1 Ne3+ 30. Ke1 Re6 31. Kd2 Bxb2 32. Nxc4 Nxc4+
33. Qxc4 Be5 34. a4 Rd6+ 35. Ke3 Re6 36. Kd3 Rd6+ 37. Ke4 1-0

[Event "British Columbia op"]
[Site "Richmond CAN"]
[Date "2019.02.16"]
[Round "2.9"]
[White "Zheng, Maven"]
[Black "James, Rowan"]
[Result "1-0"]
[WhiteElo "1863"]
[BlackElo "1961"]
[PlyCount "45"]
[EventDate "2019.02.16"]
[EventType "swiss"]
[EventRounds "6"]
[EventCountry "CAN"]

1. d4 d5 2. c4 e6 3. Nc3 Nf6 4. Nf3 Be7 5. Bf4 O-O 6. Rc1 c6 7. e3 Nbd7 8. Bd3
dxc4 9. Bxc4 c5 10. O-O b6 11. d5 exd5 12. Nxd5 Bb7 13. Nxe7+ Qxe7 14. Bd6 Qe4
15. Bxf8 Ne5 16. Bxg7 Qg4 17. Be2 Kxg7 18. Kh1 Rg8 19. Ne1 Qh4 20. Qd6 Nfg4 21.
Bxg4 Nxg4 22. Qg3 Qh5 23. f3 1-0

[Event "British Columbia op"]
[Site "Richmond CAN"]
[Date "2019.02.16"]
[Round "2.10"]
[White "Rathburn, Hector"]
[Black "Nunez Asencio, Jorge"]
[Result "0-1"]
[WhiteElo "1915"]
[BlackElo "2244"]
[PlyCount "98"]
[EventDate "2019.02.16"]
[EventType "swiss"]
[EventRounds "6"]
[EventCountry "CAN"]

1. g3 e5 2. Bg2 Nc6 3. d3 Nf6 4. Nd2 Bc5 5. e4 d6 6. Ngf3 h6 7. O-O Bg4 8. c3
Qd7 9. b4 Bb6 10. Nc4 Bh3 11. Re1 Bxg2 12. Kxg2 O-O 13. a4 a6 14. Qb3 Ba7 15.
b5 Ne7 16. Ba3 Ng6 17. h3 Nh5 18. Bc1 Kh8 19. b6 Bxb6 20. Nxb6 cxb6 21. Qxb6 f5
22. Rf1 fxe4 23. dxe4 Rf7 24. Nh2 Raf8 25. Ng4 Nf6 26. Nxf6 Rxf6 27. Be3 Nh4+
28. Kh2 Nf3+ 29. Kg2 d5 30. Qb4 d4 31. cxd4 exd4 32. Bf4 Nh4+ 33. Kh2 Ng6 34.
Rad1 Nxf4 35. gxf4 Rxf4 36. Qxd4 Qe6 37. Qd5 Qg6 38. f3 Rxf3 39. Rg1 Rf2+ 40.
Kh1 Qf6 41. Rd3 Qb2 42. Qd6 R8f4 43. Rg2 Qb1+ 44. Rg1 Qc2 45. Qd8+ Rf8 46. Qd6
Rf1 47. Qd4 Rxg1+ 48. Kxg1 Qe2 49. Rd1 Rf6 0-1

[Event "British Columbia op"]
[Site "Richmond CAN"]
[Date "2019.02.17"]
[Round "3.1"]
[White "Morozov, Grigory"]
[Black "Kenney, Jason"]
[Result "1-0"]
[WhiteElo "2377"]
[BlackElo "2253"]
[PlyCount "41"]
[EventDate "2019.02.16"]
[EventType "swiss"]
[EventRounds "6"]
[EventCountry "CAN"]

1. d4 Nf6 2. c4 e6 3. Nf3 d5 4. Nc3 dxc4 5. e3 a6 6. a4 c5 7. Bxc4 Nc6 8. O-O
cxd4 9. exd4 Be7 10. h3 O-O 11. Be3 Qa5 12. Qe2 Qh5 13. Bf4 Nd5 14. Bg3 Bf6 15.
Rfe1 Bd7 16. Ne4 Na5 17. Bxd5 Qxd5 18. Nxf6+ gxf6 19. Ne5 Bc6 20. Qg4+ Kh8 21.
Bh4 1-0

[Event "British Columbia op"]
[Site "Richmond CAN"]
[Date "2019.02.17"]
[Round "3.2"]
[White "Kaufman, Raymond"]
[Black "Mohammed Qanee, Arpak Worya"]
[Result "1-0"]
[WhiteElo "2356"]
[BlackElo "2231"]
[PlyCount "105"]
[EventDate "2019.02.16"]
[EventType "swiss"]
[EventRounds "6"]
[EventCountry "CAN"]

1. d4 Nf6 2. c4 g6 3. f3 c5 4. d5 Bg7 5. e4 d6 6. Ne2 Na6 7. Nec3 Nc7 8. Be3 a6
9. a4 O-O 10. Be2 Rb8 11. O-O e6 12. Na3 exd5 13. cxd5 Nfe8 14. Qd2 f5 15. Nc4
b5 16. axb5 axb5 17. Na5 Qf6 18. Nc6 Rb7 19. e5 dxe5 20. Bg5 Qd6 21. Ne7+ Kh8
22. Nxc8 Qd7 23. Ne7 Nd6 24. Rfd1 e4 25. Nc6 exf3 26. Bxf3 Nc4 27. Qf4 Nxb2 28.
Re1 Nd3 29. Qh4 Nxe1 30. Rxe1 Re8 31. Rxe8+ Nxe8 32. Ne2 Rb6 33. Nf4 Rxc6 34.
dxc6 Qd4+ 35. Kf1 Qa1+ 36. Qe1 c4 37. Nd5 Qxe1+ 38. Kxe1 b4 39. Nxb4 Bc3+ 40.
Bd2 Be5 41. g3 Kg7 42. Nd5 Kf7 43. Bf4 Bxf4 44. gxf4 Ke6 45. Kd2 Kd6 46. Nc3
Kc5 47. Na4+ Kd4 48. Nc3 Kc5 49. Ke3 h6 50. h4 Nc7 51. Nd5 Nxd5+ 52. Bxd5 Kd6
53. Kd4 1-0

[Event "British Columbia op"]
[Site "Richmond CAN"]
[Date "2019.02.17"]
[Round "3.3"]
[White "Nyamdorj, Davaa-Ochir"]
[Black "Sohal, Tanraj"]
[Result "1/2-1/2"]
[WhiteElo "2282"]
[BlackElo "2370"]
[PlyCount "69"]
[EventDate "2019.02.16"]
[EventType "swiss"]
[EventRounds "6"]
[EventCountry "CAN"]

1. e4 c5 2. Nf3 Nc6 3. Bb5 g6 4. Bxc6 dxc6 5. d3 Bg7 6. Nc3 Nf6 7. h3 Nd7 8.
Be3 e5 9. O-O b6 10. Qd2 h6 11. Nh2 Nf8 12. f4 exf4 13. Rxf4 g5 14. Rf2 Be6 15.
Raf1 Qd6 16. Qe2 O-O-O 17. Qh5 Ng6 18. Qe2 Be5 19. Ng4 Bg3 20. Rxf7 Bxf7 21.
Rxf7 Rdf8 22. Nxh6 Qe6 23. Rxf8+ Rxf8 24. Qg4 Qxg4 25. Nxg4 Bf4 26. Bxf4 Nxf4
27. Ne3 Ne6 28. Ne2 Ng7 29. Ng3 Kd7 30. Ngf5 Nxf5 31. Nxf5 Ke6 32. Kf2 Ke5 33.
Kf3 Rd8 34. Ne3 Rf8+ 35. Nf5 1/2-1/2

[Event "British Columbia op"]
[Site "Richmond CAN"]
[Date "2019.02.17"]
[Round "3.4"]
[White "Sali, Zulfikar"]
[Black "Tang, Edward"]
[Result "1-0"]
[WhiteElo "2308"]
[BlackElo "2013"]
[PlyCount "83"]
[EventDate "2019.02.16"]
[EventType "swiss"]
[EventRounds "6"]
[EventCountry "CAN"]

1. e4 c6 2. d4 d5 3. f3 e6 4. Nc3 Bb4 5. exd5 exd5 6. Bf4 Qe7+ 7. Kf2 Nf6 8.
Bd3 O-O 9. Qd2 c5 10. Re1 Qd8 11. a3 Ba5 12. Qc1 cxd4 13. b4 Bb6 14. Nce2 Nc6
15. Ng3 Ne8 16. Nh3 f6 17. Re2 Nd6 18. Bxd6 Qxd6 19. Rhe1 Ne5 20. Nf4 Nc4 21.
Ne6 Ne3 22. Nxf8 Kxf8 23. Kg1 f5 24. f4 Qxf4 25. Nf1 Qg4 26. Nxe3 dxe3 27. Rf1
Kg8 28. Qb2 Bd4 29. Qb3 Be6 30. h3 Qg5 31. Bxf5 Bf7 32. Qd3 Bf6 33. Bxh7+ Kh8
34. Rxe3 d4 35. Rg3 Qh6 36. Bg6 Bg8 37. Rf5 Qc1+ 38. Kh2 Be6 39. Rxf6 gxf6 40.
Qxd4 Kg7 41. Bh5+ Kh7 42. Qe4+ 1-0

[Event "British Columbia op"]
[Site "Richmond CAN"]
[Date "2019.02.17"]
[Round "3.5"]
[White "Hemstapat, Andrew"]
[Black "Zheng, Maven"]
[Result "1-0"]
[WhiteElo "2208"]
[BlackElo "1863"]
[PlyCount "83"]
[EventDate "2019.02.16"]
[EventType "swiss"]
[EventRounds "6"]
[EventCountry "CAN"]

1. e4 c5 2. Nf3 d6 3. d4 cxd4 4. Nxd4 Nf6 5. Nc3 a6 6. Bg5 e6 7. f4 Nbd7 8. Qf3
Be7 9. O-O-O h6 10. Qh3 b5 11. Nc6 Qc7 12. Nxe7 Kxe7 13. Bd3 b4 14. Ne2 Bb7 15.
Bxf6+ Nxf6 16. Ng3 g5 17. Rhf1 d5 18. exd5 Bxd5 19. Rde1 gxf4 20. Qh4 fxg3 21.
Qxf6+ Kd6 22. Qf4+ Kc6 23. Qxb4 Rhf8 24. Be4 Qd6 25. Qa4+ Kb6 26. hxg3 Rad8 27.
Bd3 Qxg3 28. Qxa6+ Kc7 29. Qa7+ Bb7 30. Be4 Qg5+ 31. Re3 Rb8 32. Rf5 exf5 33.
Qc5+ Bc6 34. Qxc6+ Kd8 35. Qd6+ Kc8 36. Qxf8+ Kc7 37. Qc5+ Kd8 38. Bxf5 Qf6 39.
Qd5+ Kc7 40. Rc3+ Kb6 41. Rb3+ Ka6 42. Bd3+ 1-0

[Event "British Columbia op"]
[Site "Richmond CAN"]
[Date "2019.02.17"]
[Round "3.6"]
[White "Nunez Asencio, Jorge"]
[Black "Kagaoan, Jose"]
[Result "1-0"]
[WhiteElo "2244"]
[BlackElo "1993"]
[PlyCount "97"]
[EventDate "2019.02.16"]
[EventType "swiss"]
[EventRounds "6"]
[EventCountry "CAN"]

1. d4 c6 2. Nf3 d6 3. c4 Bg4 4. Nbd2 Nf6 5. g3 Nbd7 6. Bg2 e5 7. h3 Bh5 8. O-O
e4 9. Nh4 d5 10. cxd5 cxd5 11. Nb1 h6 12. Nc3 a6 13. Qb3 Qa5 14. Bd2 Bb4 15. a3
Bxc3 16. Bxc3 Qb5 17. Qxb5 axb5 18. e3 Bg6 19. Rfc1 Bh7 20. Bf1 g5 21. Ng2 Bf5
22. Kh2 Kf8 23. Bb4+ Kg7 24. Rc7 h5 25. Be2 Ne8 26. Rxb7 Rc8 27. Bxb5 Ndf6 28.
Bc5 Nc7 29. Be2 Ne6 30. b4 Ng4+ 31. Kg1 Nf6 32. h4 Bg4 33. Bxg4 hxg4 34. Kf1
Kg6 35. Ke2 Ng7 36. hxg5 Kxg5 37. Rxf7 Nf5 38. a4 Rh2 39. Rg1 Nh5 40. a5 Kg6
41. Rf8 Rc7 42. b5 Rxc5 43. dxc5 d4 44. Rxf5 d3+ 45. Kd2 Kxf5 46. a6 Nf6 47. a7
Rh8 48. b6 Ra8 49. Ra1 1-0

[Event "British Columbia op"]
[Site "Richmond CAN"]
[Date "2019.02.17"]
[Round "3.7"]
[White "Lehingrat, Callum"]
[Black "Cheng, Louis"]
[Result "1/2-1/2"]
[WhiteElo "2016"]
[BlackElo "2064"]
[PlyCount "51"]
[EventDate "2019.02.16"]
[EventType "swiss"]
[EventRounds "6"]
[EventCountry "CAN"]

1. d4 Nf6 2. c4 e6 3. g3 d5 4. Nf3 Nc6 5. Bg2 dxc4 6. Qa4 Bb4+ 7. Bd2 Bd6 8.
Qxc4 O-O 9. O-O e5 10. Nc3 Bg4 11. dxe5 Bxe5 12. Rfd1 Bd6 13. Bf4 Qe7 14. Bxd6
cxd6 15. Nd5 Nxd5 16. Qxg4 Nf6 17. Qc4 d5 18. Qd3 Rfe8 19. e3 Rac8 20. a3 Rcd8
21. Nd4 g6 22. Rac1 Ne5 23. Qe2 a6 24. Rc3 Ne4 25. Rc2 Nc4 26. Qd3 1/2-1/2

[Event "British Columbia op"]
[Site "Richmond CAN"]
[Date "2019.02.17"]
[Round "3.8"]
[White "Patterson, Roger"]
[Black "Oszvald, Joseph"]
[Result "1/2-1/2"]
[WhiteElo "2001"]
[BlackElo "2053"]
[PlyCount "63"]
[EventDate "2019.02.16"]
[EventType "swiss"]
[EventRounds "6"]
[EventCountry "CAN"]

1. c4 g6 2. Nc3 Bg7 3. g3 c5 4. Bg2 Nc6 5. e4 d6 6. Nge2 e6 7. O-O Nge7 8. d3
a6 9. Rb1 O-O 10. a3 a5 11. Bg5 h6 12. Be3 Nd4 13. b4 axb4 14. axb4 Nxe2+ 15.
Nxe2 cxb4 16. Rxb4 d5 17. cxd5 exd5 18. Qc2 Nc6 19. Rbb1 d4 20. Bd2 Kh7 21. Nf4
Ra6 22. Nd5 Ne5 23. f4 Rc6 24. Qb3 Ng4 25. Rfd1 Be6 26. Qxb7 Bxd5 27. exd5 Rc2
28. Rbc1 Ra2 29. Ra1 Rc2 30. Rac1 Ra2 31. Ra1 Rc2 32. Rac1 1/2-1/2

[Event "British Columbia op"]
[Site "Richmond CAN"]
[Date "2019.02.17"]
[Round "3.9"]
[White "Tian, Sherry"]
[Black "Zheng, Victor"]
[Result "1-0"]
[WhiteElo "2049"]
[BlackElo "1951"]
[PlyCount "75"]
[EventDate "2019.02.16"]
[EventType "swiss"]
[EventRounds "6"]
[EventCountry "CAN"]

1. d4 Nf6 2. Nf3 g6 3. Bf4 Bg7 4. e3 O-O 5. Be2 d6 6. h3 Nbd7 7. O-O c5 8. c3
a6 9. a4 b6 10. Nbd2 Bb7 11. Qb1 e5 12. Bh2 e4 13. Ne1 Qe7 14. Nc2 d5 15. Rd1
c4 16. b3 cxb3 17. Qxb3 Ne8 18. Nb4 Ndf6 19. c4 dxc4 20. Nxc4 Nd7 21. Bg4 b5
22. Na5 bxa4 23. Rxa4 Nb6 24. Ra2 h5 25. Be2 Qe6 26. Qxe6 fxe6 27. Nxb7 Rf7 28.
Nc5 a5 29. Nc6 Nd5 30. Rc1 Rc8 31. Ne5 Ra7 32. Bc4 Nec7 33. Nc6 Raa8 34. Bxc7
Rxc7 35. Bxd5 exd5 36. Ne6 Rcc8 37. Ne7+ Kf7 38. Rxc8 1-0

[Event "British Columbia op"]
[Site "Richmond CAN"]
[Date "2019.02.17"]
[Round "3.10"]
[White "Roback, Joe"]
[Black "Taylor, Tristan"]
[Result "1-0"]
[WhiteElo "2027"]
[BlackElo "1920"]
[PlyCount "109"]
[EventDate "2019.02.16"]
[EventType "swiss"]
[EventRounds "6"]
[EventCountry "CAN"]

1. e4 c5 2. Nf3 Nc6 3. d4 cxd4 4. Nxd4 Nf6 5. Nc3 e5 6. Ndb5 d6 7. Bg5 a6 8.
Na3 b5 9. Nd5 Be7 10. Bxf6 Bxf6 11. c3 O-O 12. Nc2 Bg5 13. a4 bxa4 14. Rxa4 Kh8
15. Bc4 f5 16. exf5 Rxf5 17. O-O a5 18. b4 Bb7 19. Bd3 Rf8 20. Qh5 Bh6 21. Nce3
Qg5 22. Qxg5 Bxg5 23. Nc7 Bxe3 24. Nxa8 Bd2 25. Nb6 axb4 26. Nc4 Bxc3 27. Nxd6
Nd8 28. Bc4 h6 29. Ra7 Bc6 30. Rc7 Bd4 31. Rc8 Kh7 32. Nf7 Rxf7 33. Bxf7 Nxf7
34. Rxc6 b3 35. Rb1 b2 36. Kf1 Ng5 37. f3 Nf7 38. Ke2 Nd8 39. Rd6 Nb7 40. Rxd4
exd4 41. Kd3 Nc5+ 42. Kxd4 Ne6+ 43. Ke3 Nc7 44. Rxb2 Nd5+ 45. Kd4 Nf6 46. Rb5
Kg6 47. g4 Ng8 48. h4 Ne7 49. Rb6+ Kf7 50. Ke4 Nc8 51. Rc6 Ne7 52. Rc7 Ke6 53.
f4 Kf6 54. f5 Kf7 55. Ke5 1-0

[Event "British Columbia op"]
[Site "Richmond CAN"]
[Date "2019.02.17"]
[Round "4.1"]
[White "Kaufman, Raymond"]
[Black "Morozov, Grigory"]
[Result "0-1"]
[WhiteElo "2356"]
[BlackElo "2377"]
[PlyCount "64"]
[EventDate "2019.02.16"]
[EventType "swiss"]
[EventRounds "6"]
[EventCountry "CAN"]

1. e4 e6 2. d4 d5 3. Nd2 Nf6 4. e5 Nfd7 5. Bd3 c5 6. c3 Nc6 7. Ne2 cxd4 8. cxd4
f6 9. exf6 Nxf6 10. O-O Bd6 11. Nf3 Qc7 12. Nc3 a6 13. Bd2 O-O 14. Rc1 Bd7 15.
Na4 Rae8 16. Nc5 Bc8 17. b4 Qb6 18. Re1 e5 19. dxe5 Nxe5 20. Nxe5 Bxe5 21. h3
Bb8 22. Rxe8 Rxe8 23. Kh1 Qd6 24. f4 g5 25. Qf3 Kf7 26. g4 gxf4 27. g5 Ne4 28.
Nxe4 dxe4 29. Bxe4 Qxd2 30. Qh5+ Ke7 31. Rd1 Qc3 32. Rd3 Qe1+ 0-1